Quizzes
Events
Quiz Creation
Community
Videos
Private Events
Remove Ads
Sign In
Join for FREE
Feedback
Dark Mode
Quiz Categories
Sports
Geography
Music
Movies
Television
Just For Fun
Miscellaneous
History
Literature
Language
Science
Gaming
Entertainment
Religion
Holiday
For Kids
Quiz Lab
Recent
Popular Today
Quiz Kudos Today
Editor Picks
Curator Picks
Quizzes by...
Day
Popularity
Type
Ratings
Length
Year
Community
Subscriptions
Recent Discussions
Orange Saloon
Badges
Playlists
Quests
Create
Leaderboards
Showdown
Live 5
Trivia Bingo
Activity
Puzzle Library
Sporcle Events
Private Events
Virtual Trivia
Globe League
Become a Host
Pub Owners
SporcleCon
Opinionation
Our Games
Videos
Blog
Mobile Apps
Partnerships
Remove Ads and Go Orange
Feedback
Geography
Country
Landmarks
City
State
Population
World
Capital
Continent
Flags
Europe
Africa
Asia
South America
North America
Oceania
Border
Canada
United Kingdom
Topography
United States
Geography
Country
Landmarks
City
State
Population
World
Capital
Continent
Flags
Europe
Africa
Asia
South America
North America
Oceania
Border
Canada
United Kingdom
Topography
United States
Random Quiz
Search Sporcle
×
Quiz Lab
Quiz Lab
Geography
Country
Type in answers that appear in a list
Type in answers that appear in a list
Classic
Best Score? Go Orange.
Metal Genre Origins Stats
Can you name the origins of the genres of metal??
By
Antiblivion
6m
20 Questions
829 Plays
829 Plays
829 Plays
Comments
Comments
Give Quiz Kudos
Give Quiz Kudos
-
- Ratings
hide this ad
Forced Order
Answers have to be entered in order
Answers have to be entered in order
Replay
Link that replays current quiz
Next Quiz
Link to next quiz in quiz playlist
You Got
0%
They Got
Avg Score
87%
Avg Friend Score
Upgrade to see
Score Distribution
Jump to the score distribution portion of the page
Score
0/20
Timer
06:00
0
Plays Today
Genre
Country/Countries of Origin
% Correct
Heavy Metal
United Kingdom
96.5%
Melodic Death Metal
Sweden, United Kingdom
96.4%
Thrash Metal
United States, Germany
94.5%
Death Metal
United States
93.1%
Black Metal
United Kingdom, Sweden, Norway
92%
Industrial Metal
United States, United Kingdom, Germany
91.7%
Viking Metal
Sweden, Norway
90.7%
Nu Metal
United States
90.3%
Groove Metal
United States, Brazil
90%
Metalcore
United States
89.7%
Genre
Country/Countries of Origin
% Correct
Progressive Metal
United States
89.1%
Speed Metal
United Kingdom, Germany
88.8%
Folk Metal
United Kingdom, Finland, Israel, Ireland
88.7%
Power Metal
Germany, Finland
86%
Drone Metal
United States
84.2%
Doom Metal
United Kingdom
84.1%
Gothic Metal
United Kingdom
79.5%
Flower Metal (Symphonic Power Metal)
Brazil, Italy, Finland
77.6%
Neo-
classical metal
Sweden
76.5%
Symphonic Metal
Norway
68.6%
Quiz Playlist
Details
Report
Send in Message
Add To Playlist
Classic:
Type in answers that appear in a list
Forced Order:
Answers have to be entered in order
Last Updated: Mar 18, 2017
Quiz Scoreboard
CHALLENGE
Sign Up to Join the Scoreboard
Show All
Scores
Hide
Comments
May contain spoilers
Recently Published
One Thing in Common: World Cities II
by knightlancer
Geography
7m
Popular People in 1961
by mucciniale
History
6m
1-10 Letter E Words III
by El_Dandy
Language
2m
More to Explore
Quiz From the Vault
Featured Blog Post
Where Did the Easter Bunny Come From?
hide this ad
You Might Also Like...
Tags
Bands Quiz
Country Quiz
genre
metal
origin
Today's Top Quizzes in Geography
Browse Geography
hide this ad
Today's Top Quizzes in Country
Browse Country
Top Contributed Quizzes in Geography
1
Countries of the World - No Outlines Minefield
2
Top 25 Cities of France on a map
3
African Flag Reveal XLV
4
Closest Countries to UK A-Z
5
Blind Secret Country CLXXXVIII
6
Find the US States - No Outlines
7
One Thing in Common: Asia
8
One Thing in Common: United Kingdom
9
One Thing in Common: Geography
10
One Thing in Common: Around the World
Explore More
Trending Topics
Disney
Anime
Marvel
Crossword
Kpop
Harry Potter
NBA
Pokémon
Country
WWE
Soccer
Puzzle
The Office
NFL
Song
hide this ad
More By:
Antiblivion
Quiz
Plays
Rating
Category
Featured
Created
Metal Genre Origins
829
3.31
Geography
Dec 23, 2009
Power Metal Bands by CD
793
4.43
Music
Dec 24, 2009
Symphonic and Flower Metal Bands by CD
217
4.00
Music
Dec 28, 2009
Go to Creator's Profile
Score Distribution
Quiz Creator Spotlight
Antiblivion
Follow
Send a Message
Quizzes Created
-
Created Quiz Play Count
-
More By This Creator
Popular Quizzes Today
1
Find the US States - No Outlines Minefield
2
The Countries of the World
3
Find the Countries of Europe - No Outlines Minefield
4
Popular People in 1961
5
1-10 Letter E Words III
6
Find the US States
7
One Thing in Common: World Cities II
8
US States
More Geography Quizzes
Common Words in US Cities
Published
Trending Quizzes
Risky Map Clicking: Least Populous States A-Z
1-10 Letter F Words
1-10 Letter G Words
One Thing in Common: United Kingdom
Risky Map Clicking: Next State Alphabetically
Recently Updated
Leaping Animals
pecheneg
Reality TV Shows (A-Z)
bhenderson79
Rickey Henderson's Hall of Fame Teammates
pecheneg
Champions League XIs: Arsenal
pecheneg
Quick Pick: Celebrities in WWE's Hall of Fame
aduchscher
A-Z Keypad Blitz II
pecheneg
Multiple Oscar Actors
pecheneg
Mystery Phrase Blitz: Oscar 'Best Actors'
pecheneg
F. Scott Fitzgerald Novels
LTH
Pick 3 Villains
ddd62291
Trending Topics
Kpop
Crossword
Disney
Marvel
Harry Potter
Anime
NBA
Pokémon
WWE
Country
Soccer
Puzzle
The Office
NFL
Song
Your Account Isn't Verified!
In order to create a playlist on Sporcle, you need to verify the email address you used during registration. Go to your
Sporcle Settings
to finish the process.
Report this User
Report this user for behavior that violates our
Community Guidelines
.
Details:
Send Report
Go to the Sporcle.com Mobile Site →
Comments